书目信息 |
| 题名: |
相互作用的规范理论
|
|
| 作者: | 戴元本, 著 | |
| 分册: | ||
| 出版信息: | 北京 科学出版社 2005.7重印 |
|
| 页数: | 501页 | |
| 开本: | 24cm | |
| 丛书名: | 现代物理基础丛书 | |
| 单 册: | ||
| 中图分类: | O572.24 , O413.3 | |
| 科图分类: | ||
| 主题词: | 相互作用(物理)--xiang hu zuo yong ( wu li )--规范场 , 规范场--gui fan chang | |
| 电子资源: | ||
| ISBN: | 7-03-014751-0 | |
| 000 | 01110cam2 2200313 450 | |
| 001 | 012005048066 | |
| 005 | 20051110101010.1 | |
| 010 | @a7-03-014751-0@dCNY68.00 | |
| 100 | @a20050716e2005 em y0chiy0121 ea | |
| 101 | 0 | @achi |
| 102 | @aCN@b110000 | |
| 105 | @af z 000yy | |
| 200 | 1 | @a相互作用的规范理论@Axiang hu zuo yong de gui fan li lun@f戴元本著 |
| 205 | @a2版 | |
| 210 | @a北京@c科学出版社@d2005.7重印 | |
| 215 | @a501页@c图@d24cm | |
| 225 | 2 | @a现代物理基础丛书@Axian dai wu li ji chu cong shu@v5 |
| 306 | @a河南师范大学学术专著出版基金资助 | |
| 330 | @a本书系统介绍弱电及强作用的规范理论,包含规范场论的基本概念、量子化与重整化、弱电统一理论、量子色动力学、大统一理论的主要物理内容及计算方法。 | |
| 333 | @a阅读对象:粒子物理专业研究生等 | |
| 461 | 0 | @12001 @a现代物理基础丛书@v5 |
| 606 | 0 | @a相互作用(物理)@Axiang hu zuo yong ( wu li )@x规范场 |
| 606 | 0 | @a规范场@Agui fan chang |
| 690 | @aO572.24@v4 | |
| 690 | @aO413.3@v4 | |
| 701 | 0 | @a戴元本,@Adai yuan ben@f1928-@4著 |
| 801 | 0 | @aCN@bSRXX@c20050917 |
| 801 | 2 | @aCN@bSRXX@c20051110 |
| 905 | @a10447@dO572.24@eD140-2 | |
| 相互作用的规范理论/戴元本著.-2版.-北京:科学出版社,2005.7重印 |
| 501页:图;24cm.-(现代物理基础丛书;5) |
| 使用对象:阅读对象:粒子物理专业研究生等 |
| ISBN 7-03-014751-0:CNY68.00 |
| 本书系统介绍弱电及强作用的规范理论,包含规范场论的基本概念、量子化与重整化、弱电统一理论、量子色动力学、大统一理论的主要物理内容及计算方法。 |
| ● |
| 相关链接 |
|
|
|
正题名:相互作用的规范理论
索取号:O572.24/D140-2
 
预约/预借
| 序号 | 登录号 | 条形码 | 馆藏地/架位号 | 状态 | 备注 |
| 1 | 543156 | 205431567 | 自科库401/401自科库 89排2列2层/ [索取号:O572.24/D140-2] | 在馆 | |
| 2 | 543157 | 205431576 | 自科库401/401自科库 89排2列2层/ [索取号:O572.24/D140-2] | 在馆 | |
| 3 | 543158 | 205431585 | 自科库401/401自科库 89排2列2层/ [索取号:O572.24/D140-2] | 在馆 |